Reorganización y racionalización del Ministerio de Trabajo y Bienestar Social

Bewaard in:
Bibliografische gegevens
Coauteur: Costa Rica. Ministerio de Trabajo y Bienestar Social
Formaat: Texto
Gepubliceerd in: San José: MTBS
Tags: Voeg label toe
Geen labels, Wees de eerste die dit record labelt!

MARC

LEADER 00000 a a2200000 04500
001 22717
003
040
090 |a 156000  
110 |a Costa Rica. Ministerio de Trabajo y Bienestar Social  
245 |a Reorganización y racionalización del Ministerio de Trabajo y Bienestar Social  
260 |a San José:   |b MTBS  
300 |a 8 p.  
999 |c 10003  |d 10003